Η πράξη και η σιωπή : τα όρια του έρωτα και τα όρια της ιστορίας : δοκίμια ΙΙ
Αποθηκεύτηκε σε:
| Κύριος συγγραφέας: | |
|---|---|
| Μορφή: | Βιβλίο |
| Γλώσσα: | Greek |
| Δημοσίευση: |
Αθήνα :
Καστανιώτη,
1983.
|
| Θέματα: | |
| Ετικέτες: |
Προσθήκη ετικέτας
Δεν υπάρχουν, Καταχωρήστε ετικέτα πρώτοι!
|
MARC
| LEADER | 00000cam a2200000 a 4500 | ||
|---|---|---|---|
| 001 | 1/123387 | ||
| 008 | 210721s1983####gr | ||| |||| ||gre|| | ||
| 040 | |a GR-MyUa |b gre |c GR-MyUa |e AACR2 | ||
| 041 | 0 | |a gre | |
| 082 | 7 | |a 889.4 |2 (23) | |
| 100 | 1 | |a Μοσκώφ, Κωστής, |d 1943-1998. | |
| 245 | 1 | 2 | |a Η πράξη και η σιωπή : |b τα όρια του έρωτα και τα όρια της ιστορίας : δοκίμια ΙΙ / |c Κωστής Μοσκώφ. |
| 260 | |a Αθήνα : |b Καστανιώτη, |c 1983. | ||
| 300 | |a 239 σ. ; |c 21 εκ. | ||
| 504 | |a Περιλαμβάνει βιβλιογραφικές παραπομπές. | ||
| 650 | 0 | |a Greek essays, Modern. | |
| 650 | 0 | |a Dialectical materialism. | |
| 852 | |a INST |b SYROS |e 20210719 |h 889.4 ΜΟΣ |p 005500014106 |q 005500014106 |t BK |y 0 | ||
| 970 | |a Κοντού |b Παρασκευή |z 21/07/2021 | ||